000 00760nam a2200265Ia 4500
003 OSt
005 20220928131120.0
006 a|||||r|||| 00| 0
007 ta
008 220927b |||||||| |||| 00| 0 eng d
020 _c649
024 _a119074
037 _b84, 22/08/2013, Vardhman Books
_cTextual
040 _aSDCL
_cSDCL
_beng
041 _2eng
_aeng
082 _aX90bB28, Q3
100 _aBlack Ken
_9464258
245 0 _aApplied business statistics
_b Making better business decisions.
250 _a7th
260 _aNew Delhi
_bWiley
_c2013
300 _axxiii;850p.
_ccm.
650 _aFinancial Studies
942 _hX90bB28, Q3
_cTEXL
_2CC
999 _c789666
_d789666